Instituciones jurd̕icas de Gayo

Bibliographic Details
Main Author: Samper, Francisco (Conductor)
Format: Unknown
Language:Spanish
Published: Santiago de Chile : Editorial Jurd̕ica de las Americas, 2009
Subjects:
Online Access:Acceso restringido

MARC

LEADER 00000ny a22000003n 4500
005 20110616142636.0
008 011022s2000 cl 000|0 spa d
020 |a 9789687884967 
035 |a 3291 
040 |a ES-VaUB  |c ES-VaUB  |d vLex 
080 |a 34(37)(093) 
090 |c 788  |d 788 
100 |a Samper, Francisco 
240 1 0 |a [Institutiones Gai] 
245 1 0 |a Instituciones jurd̕icas de Gayo  |h [Recurso electrn̤ico]  |c texto y traduccin̤ [de] Francisco Samper 
256 |a Servicio en ln̕ea 
260 |a Santiago de Chile :  |b Editorial Jurd̕ica de las Americas,  |c 2009 
300 |a p. ;  |c cm 
506 1 |a Contenido solo disponible en los productos indicados  |d vLex Global  |d vLex Global (Academic Edition, excluding Law Schools)  |d vLex Global (U.S. Academic Edition, Law Schools)  |d vLex Global (U.S. Academic Edition, excluding Law Schools)  |d vLex Global (Academic Edition, Law Schools) 
650 0 4 |a Derecho romano  |x Fuentes 
700 1 |a Samper, Francisco,  |e dir. 
740 0 |a vLex Libros (Servicios en ln̕ea) 
856 4 0 |u http://vlex.com/source/3291  |z Acceso restringido 
942 |c BOOK 
999 0 |a Roman law  |b Chile